000 00739nam a2200193Ii 4500
003 JO-AjNU
008 230605s9999||||xx |||||||||||||| ||und||
040 _aJO-AjNU
_bara
_erda
_cJO-AjNU
041 _aara
050 1 4 _aHD5709.2.1992
100 3 _aصالح، سامية خضر,
_eauthor
_938898
245 0 0 _aالبطالة بين الشباب حديثي التخرج :العوامل ،الاثار،العلاج وعلاقتها بالزيادة السكانية
264 3 1 _aد.م:د.ن،1992
300 _a171ص
_bيحتوي على ملاحق من صفحة153 الى صفحة 171
336 _atext
_btxt
_2rdacontent
337 _aunmediated
_bn
_2rdamedia
338 _avolume
_bnc
_2rdacarrier
650 4 _aالبطالة
_938899
999 _aA16383
_c19951
_d19951